| 000 | 00000nam##2200000za#4500 |
| 001 | 9.662154 |
| 003 | CaOODSP |
| 005 | 20210615120415 |
| 007 | ta |
| 008 | 150407|2000||||xxc||||| f|0| 0 fre|d |
| 020 | |a0-662-65227-4 |
| 040 | |aCaOODSP|bfre |
| 041 | |aeng |
| 041 | |afre |
| 043 | |an-cn--- |
| 086 | 1 |aNS3-31/2000 |
| 110 | 2 |aConseil de recherches en sciences naturelles et en génie du Canada. |
| 245 | 10|aDe l'état de crise à la relance : |brétablir le rôle du Canada dans la recherche nordique / |cPublié conjointement par le Conseil de recherche en sciences humaines du Canada. |
| 260 | |aOttawa - Ontario : |bConseil de recherches en sciences naturelles et en génie |c2000. |
| 300 | |aTexte français, 45p. : |bill. ; |c28 cm. |
| 500 | |a«Rapport final présenté au CRSNG et au CRSH par le Groupe de travail sur la recherche nordique.»--Page de titre. |
| 520 | 3 |aRapport final présenté au CRSNG et au CRSH par le Groupe de travail sur la recherche nordique.--Page de titre |
| 546 | |aBilingue |
| 563 | |aCouverture souple |
| 590 | |a01-16|b2001-04-20 |
| 691 | 07|aNord canadien|2gcpds |
| 691 | 07|aÉtudes nordiques|2gcpds |
| 691 | 07|aPolitique|2gcpds |
| 776 | 0#|tDe l'état de crise à la relance : |w(CaOODSP)9.642295 |
| 776 | 0#|tFrom crisis to opportunity : |w(CaOODSP)9.698282 |
| 791 | |tFrom crisis to opportunity : |eeng|w(CaOODSP)9.662153 |